Evolutionary Integral Equations and Applications
Αποθηκεύτηκε σε:
| Κύριος συγγραφέας: | |
|---|---|
| Μορφή: | Βιβλίο |
| Γλώσσα: | English |
| Δημοσίευση: |
Basel :
Birkhauser Verlag,
1993
|
| Σειρά: | Monographs in mathematics ;
; 87 |
| Θέματα: | |
| Ετικέτες: |
Προσθήκη ετικέτας
Δεν υπάρχουν, Καταχωρήστε ετικέτα πρώτοι!
|
MARC
| LEADER | 00000nam a2200000 i 4500 | ||
|---|---|---|---|
| 001 | 1/45630 | ||
| 008 | 950607s1993 eng d | ||
| 020 | |a 3-7643-2876-2 | ||
| 035 | |a 1995 |c ΑΥΓΕΡΙΝΟΣ |l 10042591 | ||
| 040 | |a GR-MY-UA |b gre |e aacr | ||
| 041 | 0 | |a eng | |
| 082 | 0 | |a 515.45 | |
| 100 | 1 | |a Pruss, Jan |d 1951- | |
| 245 | 1 | 0 | |a Evolutionary Integral Equations and Applications / |c Jan Pruss |
| 260 | |a Basel : |b Birkhauser Verlag, |c 1993 | ||
| 300 | |a 306 p.; |b ill.; |c 24 cm. | ||
| 490 | 1 | |a Monographs in mathematics |v ; 87 | |
| 500 | |a Includes bibliographical references and index | ||
| 650 | 0 | 0 | |a Volterra equations. |
| 830 | 0 | |a Monographs in mathematics ; |v ; 87 | |
| 852 | |a INST |b SAMOS |e 19950607 |h 515.45 PRU |p 005300005635 |q 005300005635 |t BK |y 0 | ||
| 909 | |a Σ |b 039063 | ||